000 00632nam a2200229Ia 4500
003 OSt
005 20221006165101.0
006 a|||||r|||| 00| 0
007 ta
008 221006b |||||||| |||| 00| 0 eng d
024 _a3,445
037 _cTextual
040 _aFML
_cFML
_beng
041 _2eng
_aeng
082 _aN5OaNR, K7
100 _aWinternitz Emanuel Au.
_9679060
245 0 _aMusical Instruments and their Symbolism in Western Art
260 _aLondon
_bFaber and Faber
_c1967
300 _a240
_ccm.
942 _hN5OaNR, K7
_cTEXL
_2CC
999 _c1119543
_d1119543